| 000 | 00834pam a2200265 a 4500 | ||
|---|---|---|---|
| 001 | 708259 | ||
| 003 | OSt | ||
| 005 | 20140310182143.0 | ||
| 008 | 970409s1997 nyua b 001 0 eng | ||
| 010 | _a 97016468 | ||
| 020 | _a0753702908 | ||
| 040 |
_aDLC _cDLC _dDLC |
||
| 050 | 0 | 0 |
_aVM 533 _b.B827 1997 |
| 082 | 0 | 0 |
_aHS 623.88 _bB85 1997 |
| 100 | 1 |
_aBudworth, Geoffrey. _91572 |
|
| 245 | 1 | 4 |
_aThe complete book of knots / _cGeoffrey Budworth. |
| 246 | 3 | 0 | _aKnots |
| 260 |
_aNew York, N.Y. : _bLyons & Burford, _cc1997. |
||
| 300 |
_a160 p. : _bill. (some col.) ; _c27 cm. |
||
| 650 | 0 |
_aKnots and splices. _915398 |
|
| 906 |
_a7 _bcbc _corignew _d1 _eocip _f19 _gy-gencatlg |
||
| 942 |
_2lcc _cHS |
||
| 999 |
_c9880 _d9880 |
||